Mappa del Mondo Pixelata - Statistics

Statistiche generali
  • Questo quiz è stato fatto 7.622 volte
  • Il punteggio medio è 986 su 1129
Risposte nella Mappa
Le risposte nella mappa del quiz sottostante sono codificate secondo una scala di colori dal rosso al verde in base alla % di persone che hanno risposto correttamente.
 
Statistiche sulle risposte
Paese % Corretto
Stati Uniti
98%
Canada
97%
Italia
97%
Russia
96%
Brasile
95%
Francia
95%
Argentina
94%
Cina
94%
Messico
94%
Australia
93%
Spagna
93%
Danimarca
92%
Norvegia
92%
Regno Unito
92%
Cile
91%
Germania
91%
India
91%
Svezia
91%
Finlandia
90%
Irlanda
90%
Islanda
90%
Giappone
89%
Sudafrica
89%
Egitto
88%
Marocco
88%
Madagascar
87%
Perù
86%
Polonia
86%
Turchia
86%
Algeria
85%
Mongolia
85%
Colombia
84%
Grecia
84%
Paesi Bassi
84%
Ucraina
84%
Uruguay
83%
Arabia Saudita
82%
Libia
82%
Paraguay
82%
Repubblica Democratica del Congo
82%
Venezuela
82%
Bolivia
81%
Corea del Nord
81%
Corea del Sud
81%
Nuova Zelanda
81%
Repubblica del Congo
81%
Tunisia
81%
Indonesia
80%
Kazakistan
80%
Iran
79%
Bielorussia
78%
Iraq
77%
Romania
77%
Ecuador
76%
Niger
75%
Pakistan
75%
Austria
74%
Lituania
73%
Etiopia
71%
Sudan
71%
Thailandia
71%
Nigeria
70%
Bulgaria
69%
Repubblica Ceca
69%
Serbia
69%
Ungheria
69%
Afghanistan
68%
Filippine
68%
Somalia
67%
Vietnam
67%
Yemen
66%
Guyana
65%
Oman
65%
Papua Nuova Guinea
65%
Suriname
65%
Nepal
64%
Kenya
63%
Siria
63%
Uzbekistan
63%
Eritrea
62%
Ciad
61%
Mali
61%
Senegal
61%
Laos
60%
Turkmenistan
59%
Angola
58%
Bangladesh
57%
Cambogia
57%
Malesia
57%
Sud Sudan
57%
Mauritania
56%
Birmania
55%
Guatemala
55%
Azerbaijan
54%
Mozambico
54%
Namibia
54%
Tanzania
54%
Ghana
53%
Guinea
53%
Nicaragua
53%
Zambia
53%
Tagikistan
52%
Giordania
51%
Zimbabwe
51%
Costa d'Avorio
50%
Botswana
49%
Camerun
49%
Kirghizistan
48%
Repubblica Centrafricana
47%
Uganda
45%
Burkina Faso
41%
Sierra Leone
40%
Gabon
38%
Benin
34%
Nessun quiz corrispondente trovato
Distribuzione punteggi
Percentuale di utenti per punteggio
Percentile per numero di risposta
I tuoi punteggi nel tempo
Non hai fatto questo quiz